000 00182 a2200097 4500
020 _a9780590128063
041 _aspa
100 _aKellog, Steven
245 _aPecos Bill
942 _cBK
999 _c31961
_d31959